Recueil de texte : (Record no. 42404)

MARC details
000 -LEADER
fixed length control field 00787 a2200241 4500
040 ## - SOURCE DU CATALOGAGE
Original cataloging agency BUAC
Language of cataloging Fre
Transcribing agency BUC
041 ## - CODE DE LANGUE
Language code of text/sound track or separate title Fre
100 ## - VEDETTE PRINCIPALE - NOM DE PERSONNE
Language of a work Fr
9 (RLIN) 18156
245 ## - TITLE STATEMENT
Title Recueil de texte :
Remainder of title Statut des hussiers, les tarifs des actes d'hussiers de justice en matière civile et commerciale, statut des commissaires-priseurs en République du Bénin
260 ## - PUBLICATION, DISTRIBUTION, ETC. (IMPRINT)
Place of publication, distribution, etc Cotonou
260 ## - PUBLICATION, DISTRIBUTION, ETC. (IMPRINT)
Name of publisher, distributor, etc Ed. Nonagnon
260 ## - PUBLICATION, DISTRIBUTION, ETC. (IMPRINT)
Date of publication, distribution, etc 2006
300 ## - PHYSICAL DESCRIPTION
Extent 69p.
Dimensions 21 cm
440 ## - SERIES STATEMENT/ADDED ENTRY--TITLE
Title (Droits et lois)
9 (RLIN) 18157
630 ## - SUBJECT ADDED ENTRY--UNIFORM TITLE
Uniform title SCIENCES SOCIALES
9 (RLIN) 18158
650 ## - SUBJECT ADDED ENTRY--TOPICAL TERM
Topical term or geographic name as entry element Hussier : législation
9 (RLIN) 18159
700 ## - ADDED ENTRY--PERSONAL NAME
Personal name Dir., Mathieu, Paul
9 (RLIN) 18160
700 ## - ADDED ENTRY--PERSONAL NAME
Personal name Laurent, Pierre-Joseph
9 (RLIN) 18161
700 ## - ADDED ENTRY--PERSONAL NAME
Personal name Willame, Jean-Claude
9 (RLIN) 18162
710 ## - ADDED ENTRY--CORPORATE NAME
Corporate name or jurisdiction name as entry element INSTITUT D'ETUDES DU DEVELOPPEMENT
9 (RLIN) 18163
942 ## - ADDED ENTRY ELEMENTS (KOHA)
Koha item type Livre
Holdings
Withdrawn status Lost status Damaged status Not for loan Location (home branch) Sublocation or collection (holding branch) Date acquired Source of acquisition Koha issues (times borrowed) Koha full call number Piece designation (barcode) Koha date last seen Copy number Price effective from Koha item type
        Bibliothèque Universitaire Centrale Bibliothèque Universitaire Centrale   Achat   347.939 REC 10-055Buc 11/08/2011 1 11/08/2011 Livre
        Bibliothèque Universitaire Centrale Bibliothèque Universitaire Centrale   Achat   347.939 REC 10-056Buc 11/08/2011 2 11/08/2011 Livre


© 2008, Bibliothèques de l'Université d'Abomey-Calavi

04 BP 789 Cotonou, Tél. : +229 21 36 01 01, Fax : +229 21 35 06 32

Courriel : bu@bu.uac.bj